000 00329nam a22001217a 4500
008 160503b xxu||||| |||| 00| 0 eng d
020 _a9780070524071
020 _a0070524076
041 _aeng
080 _a61
245 _aKollege Physics:
_cAlan Giambattista; Betty MeCarythy Richardson; Robert C. Richardson;
942 _2udc
_cBK
999 _c1729
_d1729